000 00504nam a22001097a 4500
008 230605b xxu||||| |||| 00| 0 eng d
082 _a328.6762
_bEALA
245 _aEALA
_bRsource-based conflict in east africa:A case study of the kagera;karamoja and lake victoria border regions
_cReport on a preliminary study by the committees of regional affairs and conflicts resolution, and of agriculture ,tourism and natural resources
_hoctober 2003
260 _aArusha
_bEALA
_c2006
300 _a140p
942 _2ddc
_cBK
999 _c296
_d296